000 00522nam a22001457a 4500
003 OSt
005 20250827165311.0
008 250827b |||||||| |||| 00| 0 eng d
040 _c0
082 _aDPer 796.07 J826 July-October 2019 January-April 2020 v. 38, 39 n. 3-4, 1-2
245 _aJournal of teaching in physical education /
260 _aChampaigne, Illinois ;
_bHuman Kinetics, Inc. ,
_cJuly-October 2019 January-April 2020.
300 _aVolume 38-39, various paging :
_billustrations ;
_c28 cm.
942 _2ddc
_cPER
999 _c23653
_d23653